General Knowledge NHS 4 - Statistics

General Stats
  • This quiz has been taken 28 times
  • The average score is 12 of 50
Answer Stats
Hint Answer % Correct
How many Lord of the Rings books are there? 3
89%
Who wrote The Shining, It and the short story which became The Shawshank Redemption? Stephen King
78%
What group of instruments do the flute, oboe and bassoon belong to? Woodwind
78%
Which element of the periodic table has the symbol S? Sulphur
67%
How many James Bond films did Pierce Brosnan star in? 4
61%
Who painted American Gothic? Grant Wood
61%
Who wrote Pride and Prejudice? Jane Austen
56%
Who is the presenter of Pointless? Alexander Armstrong
44%
Who wrote Thus Spoke Zarathustra? Friedrich Nietzsche
39%
What is the capital city of Malaysia? Kuala Lumpur
39%
Who played Ron Weasley in the Harry Potter films? Rupert Grint
39%
Who was the Roman goddess of beauty? Venus
39%
Who played the ninth doctor in Doctor Who? Christopher Eccleston
33%
What is the currency of Hungary? Forint
33%
Which of Henry VIII's advisors wrote Utopia? Thomas More
33%
What peninsula is Turkey located on? Anatolia
28%
Who scored a hat-trick in England's 4-2 win over Germany in the 1966 FIFA World Cup final? Geoff Hurst
28%
Which planet has 2 moons called Phobos and Deimos? Mars
28%
What is pathology the study of? Disease
22%
Which MLS team does Lionel Messi currently play for? Inter Miami
22%
Who voiced Buzz Lightyear in the Toy Story films? Tim Allen
22%
Which comic book character was friends with Captain Haddock, Professor Calculus and Snowy? Tintin
22%
Which sweetener in Diet Coke has been alleged to cause cancer? Aspartame
17%
Which English football team plays home games at Carrow Road? Norwich City
17%
Who was the first black actor to win the Oscar for Best Actor? Sidney Poitier
17%
Who is the queen of the fairies in A Midsummer Night's Dream? Titania
17%
What is the maximum break in snooker? 147
11%
In which year did the United States declare independence? 1776
11%
In which Italian city is the oldest university in the world located? Bologna
11%
Which empire was ruled by Cyrus the Great? Persia
11%
Which country do bagels come from? Poland
11%
Who played Marcus Aurelius in the 2000 film Gladiator? Richard Harris
11%
Which The Hundred team plays home games at the Aegeas Bowl? Southern Brave
11%
Which European nation hosted the 1958 FIFA World Cup? Sweden
11%
In which year was the Church of England disestablished? 1920
6%
According to Judaism, how many seeds are in a pomegranate? 613
6%
At which venue does the Cazoo World Darts Championship take place annually? Alexandra Palace
6%
What was the name of the exchange rate system proposed by John Maynard Keynes which was used until 1971? Bretton Woods System
6%
Who directed The Passion of Joan of Arc? Carl Theodor Dreyer
6%
Which Greek scholar is considered the father of geography? Eratosthenes
6%
What was Stanley Kubrick's first film? Fear and Desire
6%
Which Maghrebi traveller was famous for writing the Rihlah? Ibn Battuta
6%
Who is considered to be the father of utilitarianism? Jeremy Bentham
6%
Which Sri Lankan cricketer has the most test wickets in history? Muttiah Muralitharan
6%
Which group of herbivorous, four-legged dinosaurs were by far the largest? Sauropods
6%
What did the abbreviation S.P.Q.R stand for? Senatus populusque Romanus
6%
Who played Marcellus Wallace in Pulp Fiction? Ving Rhames
6%
Which American businessman tried to prevent Citizen Kane from being released, as he believed it was based on his own life? William Randolph Hearst
6%
Which Scottish mathematician invented logarithms? John Napier
0%
What is the largest constituency in England? Penrith and The Border
0%
No matching quizzes found
Score Distribution
Percent of People with Each Score
Percentile by Number Answered
Your Score History
You have not taken this quiz